[Event "Challenge"]
[Site "http://www.queenalice.com/game.php?id=66276"]
[Date "2006.5.1"]
[Round "-"]
[White "ian"]
[Black "smartfox"]
[Result "0-1"]
[WhiteElo "1493"]
[BlackElo "1464"]

1. d4 Nc6 2. Nf3 d5 3. Bf4 e6 4. Nc3 Nf6 5. Nb5 Bd6 6. Bxd6 cxd6 7. e3 O-O 8.
Bd3 a6 9. Nc3 e5 10. dxe5 dxe5 11. O-O e4 12. Nd2 exd3 13. cxd3 d4 14. exd4 Nxd4
15. f3 Qb6 16. b3 Nxf3+ 17. Kh1 Nxh2 18. Kxh2 Qd6+ 19. Kg1 Ng4 20. Nf3 Ne3 21.
Ne4 Qb6 22. Qe2 Nxf1+ 23. Kxf1 f5 24. Nc3 Bd7 25. Re1 Rae8 26. Qd2 f4 27. Nd5
Qd6 28. Nc3 b5 29. Re4 Bg4 30. Ne2 Bxf3 31. gxf3 Rxe4 32. fxe4 f3 33. Nc3 Qg3
34. Qf2 Qh3+ 0-1

[Event "Challenge"]
[Site "http://www.queenalice.com/game.php?id=67880"]
[Date "2006.5.9"]
[Round "-"]
[White "ian"]
[Black "toptester"]
[Result "1-0"]
[WhiteElo "1384"]
[BlackElo "1445"]

1. d4 g6 2. Nf3 Bg7 3. Bf4 Nc6 4. e3 e6 5. Nc3 b6 6. Nb5 d6 7. Bc4 e5 8. Bg3 Nh6
9. c3 O-O 10. O-O a6 11. Bd5 Bb7 12. Na3 Na5 13. Bxb7 Nxb7 14. Nc2 exd4 15. exd4
a5 16. Ne3 Qd7 17. Qd3 Nf5 18. Nxf5 gxf5 19. Rae1 c5 20. dxc5 bxc5 21. Qd5 a4
22. a3 Rac8 23. Re3 Nd8 24. Bxd6 Rc6 25. Rd1 Nb7 26. Bf4 Qxd5 27. Rxd5 Rf6 28.
Red3 Re8 29. Ne5 Rg6 30. h3 Rge6 31. Nxf7 Kxf7 32. Rd7+ R8e7 33. f3 Ke8 34. R7d5
Bd4+ 35. cxd4 cxd4 36. R3xd4 Re1+ 37. Kf2 R7e2+ 38. Kg3 Rg1 39. Re5+ Rxe5 40.
Bxe5 Nc5 41. Rc4 Nd7 42. Bd4 Nf8 43. Bxg1 Ne6 44. Rxa4 h5 45. Kh4 Kf7 46. Kxh5
Kf6 47. Rc4 1-0

[Event "QA-ANNIV-02"]
[Site "http://www.queenalice.com/game.php?id=76740"]
[Date "2006.6.15"]
[Round "1"]
[White "ian"]
[Black "msmeyer"]
[Result "1-0"]
[WhiteElo "1416"]
[BlackElo "1486"]

1. d4 d5 2. Nc3 e6 3. Bf4 Nc6 4. Nb5 Bd6 5. Bxd6 cxd6 6. e3 Nb4 7. a3 Na6 8. Nf3
Qa5+ 9. b4 Qd8 10. Bd3 e5 11. Be2 e4 12. Nd2 Nf6 13. O-O Bg4 14. Bxg4 Nxg4 15.
Qxg4 1-0

[Event "Challenge"]
[Site "http://www.queenalice.com/game.php?id=76915"]
[Date "2006.6.16"]
[Round "-"]
[White "miguel"]
[Black "ian"]
[Result "1-0"]
[WhiteElo "1653"]
[BlackElo "1573"]

1. e4 e5 2. Nf3 Nc6 3. Bc4 h6 4. Nc3 Bc5 5. d3 Nf6 6. O-O d6 7. h3 Nd4 8. Be3
Nxf3+ 9. Qxf3 Bxe3 10. Qxe3 b6 11. Nd5 Bb7 12. Nxf6+ Qxf6 13. Bb5+ Kd8 14. Qg3
a6 15. Ba4 b5 16. Bb3 Ke8 17. f4 Bc8 18. fxe5 dxe5 19. Rxf6 gxf6 20. Qg7 Rf8 21.
Qxf6 Bd7 22. Qxe5+ Kd8 23. Rf1 1-0

[Event "Challenge"]
[Site "http://www.queenalice.com/game.php?id=90636"]
[Date "2006.7.29"]
[Round "-"]
[White "nanook"]
[Black "ian"]
[Result "1-0"]
[WhiteElo "1505"]
[BlackElo "1422"]

1. b3 d5 2. Nc3 Bf5 3. Ba3 Nc6 4. Nf3 Nf6 5. d3 e6 6. Qc1 Bxa3 7. Qxa3 a6 8. h3
Qe7 9. Qxe7+ Nxe7 10. g4 Bg6 11. O-O-O O-O 12. Bg2 h6 13. Ne5 Rad8 14. e3 d4 15.
exd4 Rxd4 16. Bxb7 Rd6 17. Nc4 Ned5 18. Kb2 Nxc3 19. Kxc3 Rfd8 20. Nxd6 Rxd6 21.
f3 Nd5+ 22. Bxd5 Rxd5 23. h4 f5 24. h5 Be8 25. Rde1 Bd7 26. Kd2 Kf7 27. c4 Rd4
28. gxf5 exf5 29. Re5 Kf6 30. Rhe1 Kg5 31. Re7 1-0

[Event "Challenge"]
[Site "http://www.queenalice.com/game.php?id=95282"]
[Date "2006.8.13"]
[Round "-"]
[White "gilsinho22"]
[Black "ian"]
[Result "0-1"]
[WhiteElo "1384"]
[BlackElo "1348"]

1. e4 e5 2. Qg4 Nf6 3. Qh4 Bc5 4. Bc4 d6 5. Nc3 h6 6. Nd5 Ng4 7. Qe7+ Qxe7 8.
Nxe7 Kxe7 9. d3 Nxf2 10. d4 Bxd4 11. Ke2 Nxh1 12. Be3 Bxb2 13. Rf1 Nc6 14. Nf3
Be6 15. Kd3 Bxc4+ 16. Kxc4 f6 17. Rxh1 a6 18. Rb1 Ba3 19. Rxb7 Kd7 20. Bb6 Rhc8
21. Be3 Rab8 22. Rb3 Bb4 23. c3 Ba5 24. a3 Rxb3 25. Kxb3 Rb8+ 26. Kc2 Ke6 27.
Nd2 Bb6 28. Nc4 Bxe3 29. Nxe3 g6 30. g4 h5 31. h4 hxg4 32. Nxg4 f5 33. exf5+
Kxf5 34. Ne3+ Kf4 35. Nd5+ Kg4 36. Nxc7 Rf8 37. Ne6 Rf2+ 38. Kb3 Kxh4 39. Nc7 a5
40. Nd5 Rd2 41. Ne3 g5 42. Nc4 Rd3 43. Kc2 Rd5 44. Kb3 g4 45. Ne3 Rc5 46. Ng2+
Kh3 47. Ne1 g3 48. Nf3 g2 49. Ng1+ Kh2 50. Nf3+ Kh1 51. Kc2 e4 52. Nd4 Nxd4+ 53.
Kb2 Nc6 54. Kb3 g1=Q 55. c4 Qe3+ 56. Ka4 Qd4 57. Kb3 Qxc4+ 58. Kb2 Rb5+ 59. Ka1
e3 0-1

[Event "QA-ANNIV-02"]
[Site "http://www.queenalice.com/game.php?id=106394"]
[Date "2006.9.15"]
[Round "3"]
[White "ian"]
[Black "BaronFel"]
[Result "0-1"]
[WhiteElo "1372"]
[BlackElo "1813"]

1. d4 Nf6 2. Nc3 d5 3. Bf4 e6 4. Nb5 Na6 5. e3 Be7 6. a3 O-O 7. Bd3 Bd7 8. Nf3
c5 9. dxc5 Bxb5 10. Bxb5 Qa5+ 11. b4 Qxb5 12. Bd6 Bxd6 13. cxd6 Rac8 14. Nd4 Qd7
15. Qd3 Rc4 16. Rc1 Rfc8 17. O-O Qxd6 18. c3 Ne4 19. Rfd1 Nxc3 20. Rxc3 Rxc3 21.
Qb5 Rxa3 22. Qxb7 Qb8 23. Qxb8 Rxb8 24. Nc6 Rb7 25. Rb1 Nxb4 26. Nxb4 Rxb4 27.
Rxb4 Ra1+ 0-1

[Event "AUTO-OPEN-434"]
[Site "http://www.queenalice.com/game.php?id=122979"]
[Date "2006.10.29"]
[Round "1"]
[White "ian"]
[Black "ricvila"]
[Result "1-0"]
[WhiteElo "1598"]
[BlackElo "1252"]

1. d4 g6 2. Nf3 Bg7 3. Bf4 d6 4. Nc3 Nd7 5. e3 c5 6. Bc4 Nb6 7. Qe2 e6 8. Ne4
cxd4 9. Nxd6+ Kf8 10. exd4 Nxc4 11. Qxc4 Bd7 12. Nxb7 Qc8 13. Qxc8+ Rxc8 14. Nc5
Ne7 15. Nxd7+ Ke8 16. Nde5 Bxe5 17. Bxe5 Rf8 18. c3 Nc6 19. O-O f6 20. Bd6 Rf7
21. Rfe1 Kd7 22. Bf4 g5 23. Bd2 h5 24. h3 Rb8 25. Rab1 Na5 26. b4 Nc4 27. Bc1 a5
28. a3 axb4 29. axb4 Ra8 30. Rb3 Re8 31. Nd2 Nxd2 32. Bxd2 Rb8 33. Ra3 Rb7 34.
Ra6 Re7 35. Rea1 1-0

[Event "AUTO-OPEN-434"]
[Site "http://www.queenalice.com/game.php?id=122980"]
[Date "2006.10.29"]
[Round "1"]
[White "ricvila"]
[Black "ian"]
[Result "0-1"]
[WhiteElo "1613"]
[BlackElo "1578"]

1. e4 e5 2. Nf3 Nc6 3. Bc4 h6 4. Nc3 Bb4 5. O-O Bxc3 6. dxc3 d6 7. Be3 Bg4 8. h3
Bxf3 9. Qxf3 Nf6 10. Rad1 O-O 11. Bd5 Nxd5 12. exd5 Ne7 13. c4 a6 14. b4 a5 15.
a3 axb4 16. axb4 b6 17. Ra1 Qd7 18. c3 Nf5 19. Qg4 Rfd8 20. Qe4 Nxe3 21. Qxe3
Rxa1 22. Rxa1 f6 23. Qc1 Kf7 24. Qd1 c6 25. Ra3 cxd5 26. cxd5 Rc8 27. Qd3 b5 28.
Qe3 Rc7 29. Qb6 Rb7 30. Qe3 Qc8 31. Ra7 Rc7 32. Qb6 Rxa7 33. Qxa7+ Kg6 34. Qe3
Qc4 0-1

[Event "AUTO-OPEN-434"]
[Site "http://www.queenalice.com/game.php?id=122983"]
[Date "2006.10.29"]
[Round "1"]
[White "ian"]
[Black "Scutellospora"]
[Result "1-0"]
[WhiteElo "1419"]
[BlackElo "1488"]

1. d4 e6 2. Nc3 Nc6 3. Nf3 Nf6 4. Bf4 d6 5. g3 h6 6. Bg2 g5 7. Be3 e5 8. dxe5
dxe5 9. O-O b6 10. Qxd8+ Nxd8 11. Nxe5 Ba6 12. Bxa8 Bc5 13. Bxc5 bxc5 14. Rad1
g4 15. Bc6+ Ke7 16. b3 Ke6 17. Nc4 h5 18. Bg2 Bb7 19. Nb5 Bxg2 20. Kxg2 Ne4 21.
Rd3 f5 22. f3 Nxg3 23. hxg3 a6 24. Nxc7+ Kf7 25. Nxa6 Re8 26. Nd6+ Ke7 27. Nxe8
Kxe8 28. Nxc5 h4 29. gxh4 Nf7 30. fxg4 Ne5 31. Rd5 Nxg4 32. Rf3 Nf6 33. Rdxf5
Ng4 34. a4 Ne3+ 35. Rxe3+ Kd8 36. Rf7 Kc8 37. Re8# 1-0

[Event "QA-ANNIV-02"]
[Site "http://www.queenalice.com/game.php?id=128212"]
[Date "2006.11.11"]
[Round "4"]
[White "bragchez"]
[Black "ian"]
[Result "0-1"]
[WhiteElo "1567"]
[BlackElo "1481"]

1. Nf3 e5 2. e4 Bc5 3. Bb5 a6 4. Bc4 d6 5. Nc3 h6 6. O-O Bg4 7. a3 Nc6 8. Na4 b5
9. Nxc5 dxc5 10. Bxf7+ Kxf7 11. Ng5+ Qxg5 12. f3 Be6 13. d4 Qe7 14. d5 Rd8 15.
Qe2 Bxd5 0-1

[Event "AUTO-OPEN-434"]
[Site "http://www.queenalice.com/game.php?id=179023"]
[Date "2007.3.9"]
[Round "2"]
[White "tratrax"]
[Black "ian"]
[Result "1-0"]
[WhiteElo "1840"]
[BlackElo "1600"]

1. e4 e5 2. Nf3 Nc6 3. Bc4 h6 4. O-O d6 5. a3 b6 6. d4 exd4 7. Nxd4 Bb7 8. Bb5
Ne7 9. Nc3 g5 10. Nd5 Qd7 11. Nf6+ Kd8 12. Nxd7 1-0

[Event "AUTO-OPEN-434"]
[Site "http://www.queenalice.com/game.php?id=179024"]
[Date "2007.3.9"]
[Round "2"]
[White "ian"]
[Black "tratrax"]
[Result "0-1"]
[WhiteElo "1594"]
[BlackElo "1846"]

1. e4 c6 2. b3 d5 3. f3 dxe4 4. fxe4 e5 5. Bb2 Qc7 6. Nf3 Bg4 7. Bxe5 Qe7 8. Be2
Bxf3 9. Bxf3 Qxe5 10. Nc3 Bc5 11. Rb1 Nf6 0-1